Statistics for Translated Mottos by Country

Click here to take the quiz!

General Stats

  • This quiz has been taken 28 times
  • The average score is 10 of 14

Answer Stats

MottoMottoTranslationCountry% Correct
Liberté, égalité, fraternitéLiberty, equality, fraternityFrance
96%
Eendracht maakt machtL'union fait la forceUnity makes StrengthBelgium
92%
Ordem e ProgressoOrder and ProgressBrazil
92%
Elefthería í ThánatosFreedom or deathGreece
88%
E pluribus unumOut of many, oneUnited States
88%
Allāhu AkbarGod is the GreatestIraq
84%
Độc lập – Tự do – Hạnh phúcIndependence – Liberty – HappinessVietnam
84%
Plus ultraFurther beyondSpain
76%
Für Gott, Fürst und VaterlandFor God, Prince, and FatherlandLiechtenstein
68%
A Mari Usque Ad MareFrom Sea to SeaCanada
64%
Wèi rénmín fúwùServe the PeopleChina
56%
Unus pro omnibus, omnes pro unoOne for all, all for oneSwitzerland
56%
ǃke e꞉ ǀxarra ǁkeUnity in DiversitySouth Africa
48%
Bilady, Bilady, BiladyMy country, my country, my countryEgypt
36%

Score Distribution

Percentile by Number Answered

Percent of People with Each Score

Your Score History

You have not taken this quiz